000 00651nam a22002175a 4500
008 161221r20152014ii ||||fr|||| 000 0 eng d
020 _a9789350990223
020 _a9350990229
040 _aEG-ScBUE
_beng
_cEG-ScBUE
082 0 4 _222
_a621.317
_bCHI
100 1 _941730
_aChitode, J.S.
245 1 0 _aPower electronics /
_bJ.S. Chitode.
260 _aPune., India :
_bTechnical Publications,
_c2015.
300 _a1 v. (various pagings) :
_bill. ;
_c22 cm.
590 _aWessam
650 7 _2BUEsh
_93725
_aPower electronics.
650 7 _96509
_aElectronics.
651 _2BUEsh
653 _bENGELC
_cDecember2016
942 _2ddc
_e22
_k621.317 CHI
999 _c23681
_d23653